LEADER 00981nam0 2200277 4500 001 000029166 005 20121001174436.0 010 $a88-348-9315-8 100 $a20121001d1999----km-y0itay50------ba 101 0 $aita 102 $aIT 105 $ay-------001yy 200 1 $aContabilità del valore$eper aree strategiche d'affari$fGiuseppe Bruni 210 $aTorino$cGiappichelli$d1999 215 $a202 p.$cill.$d20 cm 225 2 $aStudi di economia e politica aziendale$v15 410 0$12001$aStudi di economia e politica aziendale$v15 517 1 $aContabilità del valore : per aree strategiche d'affari 610 1 $aContabilità$aGestione$aValore aggiunto 676 $a658.1511$v21$9Controllo finanziario. Politica contabile 700 1$aBruni,$bGiuseppe$f<1934- >$4070$0428586 801 0$aIT$bUNIPARTHENOPE$c20121001$gRICA$2UNIMARC 912 $a000029166 951 $aP1 658 C/2$b44117$cPIST$d2012 996 $aContabilità del valore$91211217 997 $aUNIPARTHENOPE